000 00460nam a22001577a 4500
005 20251108170623.0
008 250721s1982 xx 000 0 eng d
082 1 4 _a698.1/GOO
100 1 _aBrushwell, William
_eEd.
245 1 0 _aPainting and Decorating Encyclopedia Acomplet library of... /
264 1 _aNEWYORK :
_bThe Goodheart Willcox company , Inc.,
_c1982.
300 _a264p. : index
650 1 7 _aHousepainting
942 _2ddc
_cBK
999 _c44977
_d44977